000 00476nam a2200145Ia 4500
041 _aArabic
082 _a342.7302 cut-295 ب
100 _a20260118u\\\\\\\\\\\y0engy0103\\\\ba
100 _aعبدالغفور كريم علي غفور
245 0 _aدستور الولايات المتحدة الامريكية معطيات علمية تاريخية وقانونية
250 _aط1
260 _bمطبعة شهاب
_aاربيل
_c2014
300 _a158
942 _cBk
999 _c190388
_d190388